000 00738nam a2200265Ia 4500
005 20260302115051.0
008 008 260114s9999 xx 000 0 eng d
020 _a9798881818555
037 _aTextbook
040 _aCRL
040 _beng
040 _cCRL
041 _2eng
041 _aeng
084 _qCRL
100 _aJustin Everett & Jeffrey H. Shanks
_91120598
245 4 _aThe Unique Legacy of Weird Tales The Evolution of Modern Fantasy and Horror
260 _bBloomsbury
260 _bRowman & Littlefield
260 _c2015
650 _aLiterary Studies
856 _uhttps://doi.org/10.5040/9798881818555?locatt=label:secondary_bloomsburyCollections
942 _cEBOOK
999 _c1684840
_d1684840